000 00766nam a2200205 i 4500
001 170656
003 ES-MaACL
005 20250808062733.0
008 090326s1946 sp |||| | spa d
100 1 _aDonoso Cortés, Juan,
_d1809-1853
_945341
245 1 0 _aObras completas de Don Juan Donoso Cortés, marqués de Valdegamas /
_crecopiladas y anotadas, con la aportación de nuevos escritos, por el Dr. Don Juan Juretschke.
260 _aMadrid :
_bEditorial Católica,
_c1946.
300 _a2 v. ;
_c20 cm.
490 1 _aBiblioteca de autores cristianos ;
_v12-13
700 1 _aJuretschke, Hans.
_967334
830 1 0 _aBiblioteca de autores cristianos
_v12-13
_9178679
852 _aES-MaACL
_jJ-13-14
852 _aES-MaACL
_jE-2026-27
999 _c170656
_d170656